| 000 | 01278nam a2200265Ia 4500 | ||
|---|---|---|---|
| 999 |
_c56492 _d56492 |
||
| 001 | 23605 | ||
| 003 | GE_BSU | ||
| 005 | 20200131100901.0 | ||
| 008 | 181216s2005||||ge |||||||||||||| ||geo|| | ||
| 020 | _a9994074636 | ||
| 040 | _cGE_BSU | ||
| 041 | _ageo | ||
| 080 | _a330.1(075.3) ა-87 | ||
| 100 |
_aასათიანი, როზეტა _9690 |
||
| 245 |
_aეკონომიკა : _cროზეტა ასათიანი ; მეცნ. რედ : ლეო ჩიქავა ; მხატვ : ა. ბუაძე. _b საშ. სკოლის მე-7 კლ. სახელმძღვ. / |
||
| 264 |
_aთბილისი : _bსიახლე, _c2005. |
||
| 300 |
_a93 გვ. : _bფოტ. : _c20 სმ. |
||
| 500 | _aეკონ. ლექს. სტატ. საძიებ. გვ. 85-91 | ||
| 541 | _h5 ლ. | ||
| 653 | _aეკონომიკის სახელმძღვანელოები | ||
| 700 |
_aჩიქავა, ლეო _eმეცნიერ რედაქტორი _9691 |
||
| 700 |
_aბუაძე, ა _eმხატვარი _94627 |
||
| 856 |
_uhttp://dspace.nplg.gov.ge/bitstream/1234/15716/1/Ekonomika_VII_Klasiss.pdf _yელ. ვერსია, pdf |
||
| 942 |
_cBK _2udc |
||